O feiticeiro de Oz (Registo nº 1875)

Detalhes MARC
000 -Etiqueta do registo
Cabeçalho 00971nam a22003131 4500
005 - Identificador da versão
Campo de controlo 20240813121918.0
095 ## -
-- PTBN00041907
021 ## - Número do Depósito Legal
Código do país PT
100 ## - Dados gerais de processamento
Dados gerais de processamento 20070521d1985 de y0pory5003 ba
102 ## - Pais de publicação ou produção
País de publicação Portugal
101 1# - Língua de publicação
Língua do texto, banda sonora, etc. Português
Língua do documento no original Inglês
106 ## - Campo de dados codificados: material textual
Dados codificados do material textual r
105 ## - Campo de dados codificados: livros
Dados codificados dos livros a z 001fy
215 ## - Descrição física 
Indicação específica da natureza do documento e extensão da espécie 155, [1] p.
Outras indicações físicas il.
Dimensões 18 cm
200 1# - Titulo e menção de responsabilidade
Título próprio O feiticeiro de Oz
Primeira menção de responsabilidade L. Frank Baum
Outras menções de responsabilidade il. W. W. Denslow
-- trad. Mesquita de Abreu
225 2# - Colecção 
Título próprio da colecção Livros de bolso Europa-América
Indicação de volume 430
210 ## - Publicação, Distribuição, etc. 
Lugar da edição, distribuição, etc. Mem Martins
Nome do editor, distribuidor, etc. Europa-América
Data da publicação, distribuição, etc. [D.L. 1985]
304 ## - Notas relativas a título e menção de responsabilidade 
Texto da nota Tít. orig.: The wonderful wizard of Oz
606 ## - Nome comum usado como assunto
Número de registo de entrada de autoridade 0000015
Palavra de ordem Literatura estrangeira infanto-juvenil
Subdivisão de assunto Conto
675 ## - Classificação Decimal Universal (CDU)
Notação 82-34
Edição
Língua da edição por
702 #1 - Nome de autor-pessoa física (responsabilidade secundária)
Número de registo de entrada de autoridade 0000428
Palavra de ordem Denslow
Outra parte do nome não tomada para palavra de ordem William Wallace
Código de função Ilustrador / Técnico de desenho computorizado
Número de registo de entrada de autoridade 0000429
Palavra de ordem Abreu
Outra parte do nome não tomada para palavra de ordem Mesquita de
Código de função Tradutor
700 #1 - Nome de autor-pessoa física (responsabilidade principal)
Número de registo de entrada de autoridade 0000427
Palavra de ordem Baum
Outra parte do nome não tomada para palavra de ordem Lyman Frank
Datas 1856-1919
942 ## - Elementos de entrada adicionados (Koha)
Tipo de item no Koha Livro
Exemplares
Situação do levantamento Origin of item (home branch) (coded) Biblioteca de empréstimo Código de barras Cota Circulation type (not for loan) Tipo de documento Nota do exemplar Damaged status
  Biblioteca Escolar da Coca Maravilhas Biblioteca Escolar da Coca Maravilhas BECM3561/98 8EST BAU   Livro Sem mensagem